[Event "Daventry 4NCL Easter op-B 3rd"]
[Site "Daventry"]
[Date "2023.04.09"]
[Round "4"]
[White "Holyhead, James"]
[Black "Neatherway, A Philip"]
[Result "1/2-1/2"]
[WhiteElo "1410"]
[BlackElo "1797"]
[PlyCount "79"]
[EventDate "2023.04.07"]
[EventType "swiss"]
[EventRounds "7"]
[EventCountry "ENG"]
[SourceTitle "EXT 2024"]
[Source "ChessBase"]
[SourceDate "2023.10.10"]
[SourceVersion "1"]
[SourceVersionDate "2023.10.10"]
[SourceQuality "1"]

1. d4 Nf6 2. Nf3 g6 3. g3 Bg7 4. Bg2 d5 5. 0-0 0-0 6. c4 c6 7. b3 a6 8. a4 Bg4 9. Ne5 Be6 10. Nd2 Nbd7 11. Bb2 Nxe5 12. dxe5 Ng4 13. cxd5 cxd5 14. Nf3 Qd7 15. h3 Nh6 16. g4 Rad8 17. Bd4 Rc8 18. Rc1 Rxc1 19. Qxc1 f6 20. exf6 exf6 21. Qd2 Nf7 22. Rc1 Nd6 23. Qf4 Ne4 24. Rc7 Qd6 25. Qxd6 Nxd6 26. Bc5 Rd8 27. Bxd6 Rxd6 28. Rxb7 d4 29. Rb4 d3 30. exd3 Rxd3 31. Rd4 Rxb3 32. Rd8+ Kf7 33. Nd4 Rb1+ 34. Kh2 f5 35. Nf3 fxg4 36. hxg4 Rb4 37. Ng5+ Ke7 38. Nxe6 Kxe6 39. Re8+ Kf7 40. Re4 1/2-1/2

[Event "Daventry 4NCL Easter op-B 3rd"]
[Site "Daventry"]
[Date "2023.04.09"]
[Round "5"]
[White "Lewis, Evan"]
[Black "Holyhead, James"]
[Result "0-1"]
[WhiteElo "1622"]
[BlackElo "1410"]
[PlyCount "110"]
[EventDate "2023.04.07"]
[EventType "swiss"]
[EventRounds "7"]
[EventCountry "ENG"]
[SourceTitle "EXT 2024"]
[Source "ChessBase"]
[SourceDate "2023.10.10"]
[SourceVersion "1"]
[SourceVersionDate "2023.10.10"]
[SourceQuality "1"]

1. d4 d5 2. c4 c6 3. Nc3 Nf6 4. cxd5 cxd5 5. f3 Nc6 6. e4 dxe4 7. d5 Ne5 8. fxe4 a6 9. Nf3 Nfg4 10. h3 Nxf3+ 11. Qxf3 Ne5 12. Qg3 Ng6 13. Bd3 e6 14. 0-0 Bd6 15. Qg4 exd5 16. Qf3 0-0 17. exd5 Ne5 18. Qd1 Nxd3 19. Qxd3 Bd7 20. Ne4 Bb5 21. Qd4 Bxf1 22. Kxf1 Re8 23. Bd2 Be5 24. Qb4 Qxd5 25. Re1 Qb5+ 26. Qxb5 axb5 27. b3 Red8 28. Bg5 f6 29. Be3 Rxa2 30. Nc5 Ra1 31. Rxa1 Bxa1 32. Nxb7 Rd1+ 33. Ke2 Rb1 34. Nc5 Rb2+ 35. Kf3 Kf7 36. g4 Rh2 37. Nb7 Rxh3+ 38. Ke4 Be5 39. Nd8+ Ke7 40. Nb7 g5 41. b4 Rg3 42. Bc5+ Kd7 43. Kd5 Rxg4 44. Bb6 h5 45. Nc5+ Ke8 46. Ne6 h4 47. Ng7+ Kf7 48. Nf5 Rg2 49. Ke4 h3 50. Kf3 g4+ 51. Ke4 h2 52. Ng3 Rxg3 53. Kf5 h1Q 54. Be3 Qf3+ 55. Bf4 Qxf4# 0-1

[Event "Daventry 4NCL Easter op-B 3rd"]
[Site "Daventry"]
[Date "2023.04.08"]
[Round "3"]
[White "Bryant, Richard BE"]
[Black "Holyhead, James"]
[Result "1-0"]
[WhiteElo "1850"]
[BlackElo "1410"]
[PlyCount "69"]
[EventDate "2023.04.07"]
[EventType "swiss"]
[EventRounds "7"]
[EventCountry "ENG"]
[SourceTitle "EXT 2024"]
[Source "ChessBase"]
[SourceDate "2023.10.10"]
[SourceVersion "1"]
[SourceVersionDate "2023.10.10"]
[SourceQuality "1"]

1. d4 d5 2. c4 c6 3. Nc3 Nf6 4. Bg5 a6 5. e3 dxc4 6. Bxc4 b5 7. Bb3 e6 8. Qf3 Be7 9. Rc1 Qa5 10. Bxf6 Bxf6 11. Nge2 0-0 12. 0-0 Bb7 13. Bc2 Qd8 14. Ne4 Be7 15. Qh3 g6 16. f4 Nd7 17. Rfd1 Qb6 18. Ng5 Bxg5 19. fxg5 c5 20. Kh1 f5 21. Bb1 cxd4 22. Rxd4 Ne5 23. Qg3 Nc6 24. Rd6 Rfe8 25. Nd4 Rac8 26. Rd1 e5 27. Nxf5 Rcd8 28. Nh6+ Kg7 29. Rd7+ Rxd7 30. Rxd7+ Kh8 31. Ng4 Rd8 32. Qf2 Ne7 33. Rxd8+ Qxd8 34. Qf6+ Kg8 35. Nh6# 1-0

[Event "Daventry 4NCL Easter op-B 3rd"]
[Site "Daventry"]
[Date "2023.04.07"]
[Round "1"]
[White "Pyun, Lindsay"]
[Black "Holyhead, James"]
[Result "1-0"]
[WhiteElo "1544"]
[BlackElo "1410"]
[PlyCount "85"]
[EventDate "2023.04.07"]
[EventType "swiss"]
[EventRounds "7"]
[EventCountry "ENG"]
[SourceTitle "EXT 2024"]
[Source "ChessBase"]
[SourceDate "2023.10.10"]
[SourceVersion "1"]
[SourceVersionDate "2023.10.10"]
[SourceQuality "1"]

1. e4 c6 2. d4 d5 3. exd5 cxd5 4. Bd3 Nc6 5. c3 Qc7 6. Nf3 Bg4 7. Be3 e5 8. dxe5 Nxe5 9. Bb5+ Nc6 10. Qxd5 Nf6 11. Qe5+ Qxe5 12. Nxe5 0-0-0 13. Nxg4 Nxg4 14. Bxc6 Nxe3 15. Bxb7+ Kxb7 16. fxe3 Bc5 17. Nd2 Bxe3 18. 0-0-0 Rd7 19. Rhe1 Bg5 20. Kc2 Rhd8 21. Ne4 Rxd1 22. Rxd1 Rxd1 23. Kxd1 Be7 24. Kc2 Kc6 25. Kd3 a5 26. Kc4 f5 27. Ng3 g6 28. Ne2 g5 29. Nd4+ Kb6 30. Nxf5 Bf6 31. b4 axb4 32. cxb4 h5 33. h3 Be5 34. a4 h4 35. Ne3 Ka6 36. Nd5 Bd6 37. Nc3 Be7 38. Na2 Kb6 39. Nc1 Ka6 40. Nb3 Kb6 41. a5+ Ka7 42. b5 Bd8 43. Kc5 1-0

[Event "Daventry 4NCL Easter op-C 2nd"]
[Site "Daventry"]
[Date "2022.04.16"]
[Round "2"]
[White "Holyhead, James"]
[Black "Jenkins, Theo"]
[Result "1/2-1/2"]
[WhiteElo "1510"]
[BlackElo "1598"]
[PlyCount "107"]
[EventDate "2022.04.15"]
[EventType "swiss"]
[EventRounds "7"]
[EventCountry "ENG"]
[SourceTitle "CBM 207 Extra"]
[Source "ChessBase"]
[SourceDate "2022.05.31"]
[SourceVersion "1"]
[SourceVersionDate "2022.05.31"]
[SourceQuality "1"]

1. d4 Nf6 2. Nf3 d5 3. g3 Bf5 4. Bg2 e6 5. c4 c6 6. Nc3 h6 7. Qb3 Qb6 8. c5 Qxb3 9. axb3 Na6 10. Ra4 Bc2 11. Bf4 Bxb3 12. Ra3 Bc2 13. Ne5 Rc8 14. Kd2 Bh7 15. Rha1 g5 16. Be3 Nd7 17. Nd3 Bg7 18. f4 f6 19. Bh3 Ke7 20. Ra4 Bxd3 21. exd3 f5 22. b4 g4 23. Bg2 Nab8 24. Bf2 h5 25. h4 gxh3 26. Bxh3 Bf6 27. Re1 Kf7 28. b5 cxb5 29. Nxb5 Be7 30. Nxa7 Rcg8 31. Bf1 h4 32. gxh4 Bxh4 33. Bxh4 Rxh4 34. Ke3 Rgg4 35. Rb1 Rxf4 36. Rxb7 Kf6 37. Be2 Nxc5 38. dxc5 Rxa4 39. c6 d4+ 40. Kf3 Nxc6 41. Nxc6 Ra2 42. Kg3 Rh8 43. Nxd4 Rd8 44. Nc6 Rd6 45. Bf3 e5 46. Nb4 Ra5 47. Kf2 Kg5 48. Rg7+ Kf4 49. Rb7 e4 50. dxe4 fxe4 51. Rf7+ Ke5 52. Re7+ Kd4 53. Rxe4+ Kc5 54. Ke2 1/2-1/2